000 002250000a22000970004500
100 1 _aBehar, Olga
245 1 0 _aLa virgen está de moda
300 _aVol. 83, Núm 83 (1995), Páginas 28-32
773 0 _tCambio 16
942 _cANA
999 _c58618
_d58618